Diagnostic and statistical manual of mental disorders: DSM-5

Tallennettuna:
Bibliografiset tiedot
Yhteisötekijä: American Psychiatric Association (Tekijä)
Aineistotyyppi: Kirja
Kieli:englanti
Julkaistu: Washington, D.C American Psychiatric Publishing 2013
Painos:5a. ed
Aiheet:
Tagit: Lisää tagi
Ei tageja, Lisää ensimmäinen tagi!

MARC

LEADER 00000cam a2200000 a 4500
001 UCE2374
003 CL-VaPUC
008 140703e20130000us |||||||||||||||||eng|d
020 |a 9780890425558 
082 0 4 |a 616.89  |b AME  |2 21 
110 2 |a American Psychiatric Association  |e author  |9 574822 
245 1 0 |a Diagnostic and statistical manual of mental disorders: DSM-5 
250 |a 5a. ed 
300 |a 947 p 
942 |c BK 
945 |d 20140703 14:09:00  |a cmena 
260 |a Washington, D.C  |b American Psychiatric Publishing  |c 2013 
650 0 |a Trastornos mentales  |9 307475 
650 0 |a Diagnóstico clínico   |9 419858 
650 0 |a Manuales  |9 257144 
650 0 |a Trastornos de la personalidad   |9 307698 
650 7 |a TRASTORNOS NEOROLOGICOS  |2 CL-VaPUC  |9 383076 
583 |a last modification  |c 20140703 14:09:00  |k Rodrigo Vera 
999 |c 355978  |d 355976 
952 |0 0  |1 0  |3 erb  |4 0  |6 616_890000000000000_AME_2013  |7 0  |8 R  |9 463042  |a BIBEDU  |b BIBEDU  |c MCIRC  |i 5087945  |l 8  |o 616.89 AME 2013  |p 5087945  |r 2025-03-19  |s 2025-03-17  |w 2019-11-23  |y BK_R  |z Catalogado en:20140703  |k PSI